Statistics for Top 20 largest football stadiums in Europe

Click here to take the quiz!

General Stats

  • This quiz has been taken 28 times
  • The average score is 6 of 20

Answer Stats

HintAnswer% Correct
99,354Camp Nou
96%
75,811Old Trafford
92%
80,018San Siro
80%
90,000Wembley
72%
81,044Estadio Santiago Bernabeu
68%
75,000Allianz Arena
40%
80,000Stade de France
40%
60,500Celtic Park
20%
81,359Signal iduna park
20%
72,698Stadio Olimpico
20%
67,000Stade Velodrome
12%
64,400Estadio da Luz
8%
78,300Luzhniki stadium ( before renovation)
4%
61,637Veltins Arena
4%
76,092Ataturk Olimpiyat Stadi
0%
69,618Athens Olympic Stadium
0%
68,700Baku Olympic Stadium
0%
74,500Millenium Satdium
0%
70,050National Sports Complex olimpiyskiy
0%
74,064Olympiastadion
0%

Score Distribution

Percentile by Number Answered

Percent of People with Each Score

Your Score History

You have not taken this quiz